| 000 | 00675nam a2200193 i 4500 | ||
|---|---|---|---|
| 001 | 41847 | ||
| 003 | ES-MaACL | ||
| 007 | t| | ||
| 008 | 030311s1985 sp ||||1| spa d | ||
| 100 | 1 |
_aCastán Tobeñas, José, _d1889-1969 _936392 |
|
| 245 | 1 | 0 |
_aDerecho civil español común y foral / _cJosé Castán Tobeñas. |
| 250 |
_a12ª ed. rev. y puesta al día _bpor José Ferrandis Vilella. |
||
| 260 |
_aMadrid : _bReus, _c1985. |
||
| 300 |
_a1 v. ; _c23 cm. |
||
| 505 | 8 | _aContiene: V. IV: Derecho de obligaciones : las particulares relaciones obligatorias | |
| 700 | 1 |
_aFerrandis Vilella, José. _950269 |
|
| 852 |
_aES-MaACL _jL-7625 _bR.108400 |
||
| 999 |
_c41847 _d41847 |
||